[Event "Titled Tuesday intern op 01st Apr Late"]
[Site "Chess.com INT"]
[Date "2025.04.01"]
[Round "7"]
[White "Duncan, Christopher R"]
[Black "Carrasco Miranda, Andres"]
[Result "0-1"]
[WhiteElo "2178"]
[BlackElo "2211"]
[PlyCount "78"]
[EventDate "2025.04.01"]
[EventType "swiss (blitz)"]
[EventRounds "11"]
[EventCountry "USA"]
[SourceTitle "CB21_2025"]
[SourceDate "2025.05.21"]
[SourceVersion "1"]
[SourceVersionDate "2025.05.21"]
[SourceQuality "1"]

1. e4 e5 2. Nf3 Nc6 3. Bb5 Nf6 4. 0-0 Nxe4 5. d4 Nd6 6. Bxc6 dxc6 7. dxe5 Nf5 8. Qxd8+ Kxd8 9. Re1 Ke8 10. a3 a5 11. c4 a4 12. Nc3 Be6 13. Re4 h6 14. g4 Ne7 15. h3 Ng6 16. Be3 b6 17. Nd2 h5 18. Kg2 Be7 19. Nf3 Ra5 20. Rd1 hxg4 21. hxg4 Nh4+ 22. Nxh4 Rxh4 23. f3 Rh7 24. Ne2 g6 25. Bf2 Bc8 26. Bg3 Rc5 27. Nc3 Be6 28. Nxa4 Rxc4 29. Rxc4 Bxc4 30. Nc3 f5 31. gxf5 gxf5 32. f4 Bc5 33. Rd2 Rg7 34. b4 Be3 35. Rd1 Bxf4 36. Rd4 Rxg3+ 37. Kf2 Rxc3 38. Rxf4 Be6 39. Rh4 Rxa3 0-1

[Event "Titled Tuesday intern op 01st Apr Late"]
[Site "Chess.com INT"]
[Date "2025.04.01"]
[Round "9"]
[White "Yevchenko, Alexander"]
[Black "Carrasco Miranda, Andres"]
[Result "1/2-1/2"]
[WhiteElo "2276"]
[BlackElo "2211"]
[PlyCount "71"]
[EventDate "2025.04.01"]
[EventType "swiss (blitz)"]
[EventRounds "11"]
[EventCountry "USA"]
[SourceTitle "CB15_2025"]
[SourceDate "2025.04.09"]
[SourceVersion "1"]
[SourceVersionDate "2025.04.09"]
[SourceQuality "1"]

1. c4 e5 2. Nc3 Nf6 3. Nf3 Bb4 4. Nxe5 0-0 5. e3 Re8 6. Nf3 d5 7. cxd5 Nxd5 8. Bc4 Nf4 9. 0-0 Nd3 10. a3 Ba5 11. b4 Bb6 12. Qb3 Be6 13. Bxe6 Rxe6 14. Nd5 Nxc1 15. Raxc1 Nc6 16. d4 Rg6 17. Nf4 Rf6 18. d5 Ne7 19. Rfd1 Qd6 20. Qc4 Re8 21. a4 a5 22. bxa5 Bxa5 23. Nd4 Bb6 24. Nb5 Qd7 25. Qb4 Ng6 26. a5 Nxf4 27. exf4 Rg6 28. f5 Qxf5 29. axb6 Re4 30. Re1 Rxg2+ 31. Kxg2 Qg4+ 32. Kf1 Qh3+ 33. Kg1 Qg4+ 34. Kf1 Qh3+ 35. Kg1 Qg4+ 36. Kf1 1/2-1/2

[Event "Titled Tuesday intern op 11th Feb Early"]
[Site "Chess.com INT"]
[Date "2025.02.11"]
[Round "5"]
[White "Shandrygin, Nikita"]
[Black "Carrasco Miranda, Andres"]
[Result "1/2-1/2"]
[WhiteElo "2209"]
[BlackElo "2195"]
[PlyCount "152"]
[EventDate "2025.02.11"]
[EventType "swiss (blitz)"]
[EventRounds "11"]
[EventCountry "USA"]
[SourceTitle "CB08_2025"]
[SourceDate "2025.02.19"]
[SourceVersion "1"]
[SourceVersionDate "2025.02.19"]
[SourceQuality "1"]

1. Nf3 Nf6 2. g3 g6 3. d4 Bg7 4. Bg2 0-0 5. 0-0 d5 6. b3 a5 7. Bb2 Bf5 8. c4 c6 9. Nc3 Ne4 10. Rc1 Nxc3 11. Bxc3 a4 12. cxd5 cxd5 13. bxa4 Nc6 14. Ne5 Nxe5 15. dxe5 Be4 16. Bxe4 dxe4 17. a5 Qb8 18. Qd5 e3 19. f4 e6 20. Qc5 Qa7 21. Qxa7 Rxa7 22. Rfd1 Rc8 23. Bd4 Rxc1 24. Rxc1 Ra8 25. Bb6 Bf8 26. Rc7 Bb4 27. Rc4 Bd2 28. Kg2 Kg7 29. Kf3 h6 30. Rc5 g5 31. Rb5 gxf4 32. gxf4 Kg6 33. Bxe3 Bxa5 34. Rxb7 Be1 35. Rb1 Bc3 36. Rc1 Bb2 37. Rc2 Ba3 38. Bd4 Bb4 39. e4 Ra3+ 40. Be3 h5 41. f5+ exf5 42. Rg2+ Kh7 43. exf5 Bc5 44. Re2 Kg7 45. Ke4 Bxe3 46. Rxe3 Rxa2 47. h3 Ra4+ 48. Kf3 Rh4 49. Kg3 Ra4 50. Kf3 Rh4 51. Kg3 Ra4 52. e6 fxe6 53. Rxe6 Rb4 54. Rg6+ Kh7 55. h4 Ra4 56. Rg5 Kh6 57. f6 Ra8 58. Kf4 Ra4+ 59. Ke5 Ra5+ 60. Ke6 Ra6+ 61. Kf7 Ra7+ 62. Ke8 Ra8+ 63. Kd7 Ra7+ 64. Ke6 Ra6+ 65. Ke5 Ra5+ 66. Kf4 Ra4+ 67. Ke3 Ra3+ 68. Kd4 Ra4+ 69. Kc5 Rf4 70. Rd5 Rxf6 71. Rd6 Rxd6 72. Kxd6 Kg6 73. Ke6 Kh6 74. Kf5 Kh7 75. Kg5 Kh8 76. Kxh5 Kg8 1/2-1/2

[Event "Titled Tuesday intern op 11th Feb Early"]
[Site "Chess.com INT"]
[Date "2025.02.11"]
[Round "7"]
[White "Souleidis, Georgios"]
[Black "Carrasco Miranda, Andres"]
[Result "0-1"]
[WhiteElo "2418"]
[BlackElo "2195"]
[PlyCount "92"]
[EventDate "2025.02.11"]
[EventType "swiss (blitz)"]
[EventRounds "11"]
[EventCountry "USA"]
[SourceTitle "CB08_2025"]
[SourceDate "2025.02.19"]
[SourceVersion "1"]
[SourceVersionDate "2025.02.19"]
[SourceQuality "1"]

1. e4 e5 2. Nc3 Nf6 3. d4 exd4 4. Qxd4 Nc6 5. Qd3 d5 6. Bf4 dxe4 7. Qxd8+ Nxd8 8. Bxc7 Ne6 9. Be5 Bb4 10. Nge2 Nd7 11. Bg3 f5 12. Nf4 Nxf4 13. Bxf4 Nb6 14. 0-0-0 Bxc3 15. bxc3 Be6 16. a4 Rc8 17. a5 Nc4 18. Bxc4 Rxc4 19. Rd6 Kf7 20. Kb2 Rhc8 21. Bd2 R8c5 22. Ra1 Rb5+ 23. Kc1 h6 24. a6 b6 25. Rd8 Rc7 26. g3 g5 27. Rd4 Rd7 28. h4 gxh4 29. gxh4 h5 30. Bg5 Rxd4 31. cxd4 Bc8 32. Bf4 Ra5 33. Rxa5 bxa5 34. Bb8 Bxa6 35. Bxa7 f4 36. Bb8 e3 37. fxe3 fxe3 38. Bf4 e2 39. Kd2 Ke6 40. Bh6 Kd5 41. Bf8 Kxd4 42. Ba3 a4 43. Bb4 Bc4 44. Kc1 Ke3 45. Be1 a3 46. Bd2+ Kf2 0-1

[Event "Titled Tuesday intern op 04th Feb Early"]
[Site "Chess.com INT"]
[Date "2025.02.04"]
[Round "10"]
[White "Reprintsev, Alexander"]
[Black "Carrasco Miranda, Andres"]
[Result "0-1"]
[WhiteElo "2232"]
[BlackElo "2195"]
[PlyCount "44"]
[EventDate "2025.02.04"]
[EventType "swiss (blitz)"]
[EventRounds "11"]
[EventCountry "USA"]
[SourceTitle "CB07_2025"]
[SourceDate "2025.02.12"]
[SourceVersion "1"]
[SourceVersionDate "2025.02.12"]
[SourceQuality "1"]

1. e4 e5 2. f4 d5 3. exd5 exf4 4. Nf3 Nf6 5. Bb5+ c6 6. dxc6 Nxc6 7. Nc3 Bd6 8. Qe2+ Be6 9. Nd4 0-0 10. Nxe6 fxe6 11. Bxc6 bxc6 12. b3 e5 13. Bb2 Qe7 14. 0-0-0 a5 15. Rhe1 Kh8 16. Ne4 Nxe4 17. Qxe4 a4 18. b4 a3 19. Bxe5 Bxe5 20. Qxe5 Qxb4 21. Re4 Qb6 22. Rxf4 Rxf4 0-1

[Event "Titled Tuesday intern op 28th Jan Early"]
[Site "Chess.com INT"]
[Date "2025.01.28"]
[Round "3"]
[White "Carrasco Miranda, Andres"]
[Black "Calens, Diego"]
[Result "1-0"]
[WhiteElo "2195"]
[BlackElo "2007"]
[PlyCount "73"]
[EventDate "2025.01.28"]
[EventType "swiss (blitz)"]
[EventRounds "11"]
[EventCountry "USA"]
[SourceTitle "CB06_2025"]
[SourceDate "2025.02.05"]
[SourceVersion "1"]
[SourceVersionDate "2025.02.05"]
[SourceQuality "1"]

1. Nf3 c5 2. c4 Nf6 3. Nc3 b6 4. g3 Bb7 5. Bg2 g6 6. 0-0 Bg7 7. d4 Ne4 8. Nxe4 Bxe4 9. Be3 d6 10. Qa4+ Bc6 11. Qc2 cxd4 12. Bxd4 Bxd4 13. Nxd4 Bxg2 14. Kxg2 0-0 15. Qe4 d5 16. Qxd5 Qxd5+ 17. cxd5 Nd7 18. Rac1 Nf6 19. Nc6 Nxd5 20. Rfd1 e6 21. e4 Nf6 22. f3 Kg7 23. g4 h6 24. h4 g5 25. Kg3 Rfc8 26. b4 a6 27. a4 b5 28. a5 Rc7 29. Nd4 Rac8 30. Nb3 Rc4 31. Nc5 Rxb4 32. Nxe6+ fxe6 33. Rxc8 Ra4 34. Rc7+ Kg6 35. h5+ Nxh5+ 36. gxh5+ Kxh5 37. Rg7 1-0

[Event "Titled Tuesday intern op 28th Jan Early"]
[Site "Chess.com INT"]
[Date "2025.01.28"]
[Round "4"]
[White "Carrasco Miranda, Andres"]
[Black "Spata, German"]
[Result "0-1"]
[WhiteElo "2195"]
[BlackElo "2398"]
[PlyCount "82"]
[EventDate "2025.01.28"]
[EventType "swiss (blitz)"]
[EventRounds "11"]
[EventCountry "USA"]
[SourceTitle "CB06_2025"]
[SourceDate "2025.02.05"]
[SourceVersion "1"]
[SourceVersionDate "2025.02.05"]
[SourceQuality "1"]

1. Nf3 Nf6 2. c4 e6 3. g3 b6 4. Bg2 Bb7 5. 0-0 Be7 6. Nc3 0-0 7. Re1 Ne4 8. Nxe4 Bxe4 9. d3 Bb7 10. e4 d6 11. d4 c5 12. d5 e5 13. Rf1 Bc8 14. Ne1 f5 15. exf5 Bxf5 16. Nc2 Nd7 17. Ne3 Bg6 18. h4 Nf6 19. Bh3 Kh8 20. a4 Bh5 21. Qc2 Bg6 22. Bf5 Bxf5 23. Nxf5 Ng8 24. Ra3 Qd7 25. Ne3 Qh3 26. Qe4 Nf6 27. Qg2 Qd7 28. Bd2 Rf7 29. Rb1 a5 30. Be1 Raf8 31. Kh2 Ng4+ 32. Nxg4 Qxg4 33. Rb3 Qxc4 34. Rxb6 Qc2 35. Ra1 h6 36. Kh1 e4 37. Ra3 Rxf2 38. Bxf2 Rxf2 39. Qg1 Qe2 40. Rb8+ Kh7 41. Re8 Bf6 0-1

[Event "Titled Tuesday intern op 28th Jan Early"]
[Site "Chess.com INT"]
[Date "2025.01.28"]
[Round "7"]
[White "Carrasco Miranda, Andres"]
[Black "Yildiz, Serdar Murat"]
[Result "0-1"]
[WhiteElo "2195"]
[BlackElo "2239"]
[PlyCount "132"]
[EventDate "2025.01.28"]
[EventType "swiss (blitz)"]
[EventRounds "11"]
[EventCountry "USA"]
[SourceTitle "CB06_2025"]
[SourceDate "2025.02.05"]
[SourceVersion "1"]
[SourceVersionDate "2025.02.05"]
[SourceQuality "1"]

1. Nf3 d5 2. c4 e6 3. g3 c6 4. Bg2 Nf6 5. 0-0 Be7 6. d4 0-0 7. Nbd2 Nbd7 8. Qc2 a5 9. e4 dxe4 10. Nxe4 Nxe4 11. Qxe4 Nf6 12. Qc2 b6 13. Ne5 Bb7 14. Bxc6 Qc7 15. Bxb7 Qxb7 16. Bg5 Rfd8 17. Rfd1 Rac8 18. Rac1 h6 19. Bf4 Ne4 20. Qe2 Ng5 21. Bxg5 Bxg5 22. f4 Bf6 23. Qf3 Qa6 24. b3 a4 25. d5 exd5 26. cxd5 Rxc1 27. Rxc1 axb3 28. axb3 Qa3 29. Rd1 b5 30. Kg2 Bxe5 31. fxe5 Qb2+ 32. Kh3 Qxe5 33. Qd3 b4 34. Kg2 Rd6 35. Qc4 Qb2+ 36. Kh3 Qe5 37. Qc8+ Kh7 38. Qc2+ f5 39. Qd3 h5 40. Kg2 g6 41. Rd2 Kg7 42. Kh3 Kf6 43. Qb5 Qc3 44. Re2 Qf3 45. Re6+ Rxe6 46. dxe6 Qg4+ 47. Kg2 Qe4+ 48. Kh3 Kxe6 49. Qb6+ Kf7 50. Qc7+ Qe7 51. Qc4+ Kg7 52. Qd4+ Kh7 53. Qb6 Kh6 54. Qf2 Qd6 55. Qe3+ Kg7 56. Qa7+ Kf6 57. Qa8 Qe6 58. Qh8+ Ke7 59. Qg7+ Kd6 60. Qd4+ Kc7 61. Qc5+ Kd8 62. Qxb4 f4+ 63. Kg2 Qe2+ 64. Kh3 Qg4+ 65. Kg2 f3+ 66. Kf2 Qxb4 0-1

[Event "Titled Tuesday intern op 07th Jan Early"]
[Site "Chess.com INT"]
[Date "2025.01.07"]
[Round "11"]
[White "Thorhallsson, Simon"]
[Black "Carrasco Miranda, Andres"]
[Result "1-0"]
[WhiteElo "2223"]
[BlackElo "2195"]
[PlyCount "81"]
[EventDate "2025.01.07"]
[EventType "swiss (blitz)"]
[EventRounds "11"]
[EventCountry "USA"]
[SourceTitle "CB03_2025"]
[SourceDate "2025.01.15"]
[SourceVersion "1"]
[SourceVersionDate "2025.01.15"]
[SourceQuality "1"]

1. e4 c5 2. Nf3 d6 3. d4 cxd4 4. Nxd4 Nf6 5. Nc3 a6 6. a3 g6 7. Be3 Bg7 8. f3 0-0 9. Bc4 b5 10. Ba2 Qc7 11. Qd2 Nc6 12. Nxc6 Qxc6 13. Nd5 Re8 14. Nxf6+ Bxf6 15. Bd5 Qc7 16. Bxa8 e6 17. Rd1 Rd8 18. Bg5 Bxg5 19. Qxg5 Bd7 20. Qe7 Rxa8 21. c3 Ra7 22. Qxd6 Qc8 23. 0-0 Rc7 24. Kh1 Kg7 25. h3 h5 26. Rd2 Be8 27. Rfd1 Rc5 28. Qe7 Rc7 29. Qg5 Rc5 30. Qe3 a5 31. Rd8 Qc6 32. Rxe8 b4 33. axb4 axb4 34. Red8 bxc3 35. bxc3 Rxc3 36. Qd4+ f6 37. Rd7+ Kh6 38. Qxf6 Rc1 39. Qf8+ Kg5 40. h4+ Kxh4 41. Qf4# 1-0

[Event "Titled Tuesday intern op 24th Sep Early"]
[Site "Chess.com INT"]
[Date "2024.09.24"]
[Round "10"]
[White "Carrasco Miranda, Andres"]
[Black "Nikulina, Alena"]
[Result "1-0"]
[WhiteElo "2191"]
[BlackElo "1875"]
[PlyCount "67"]
[EventDate "2024.09.24"]
[EventType "swiss (blitz)"]
[EventRounds "11"]
[EventCountry "USA"]
[SourceTitle "EXT 2025"]
[Source "ChessBase"]
[SourceDate "2024.10.14"]
[SourceVersion "1"]
[SourceVersionDate "2024.10.14"]
[SourceQuality "1"]

1. Nf3 d5 2. c4 e6 3. g3 Nf6 4. Bg2 b6 5. cxd5 exd5 6. 0-0 Bb7 7. d4 Be7 8. Nc3 0-0 9. Bf4 a6 10. Rc1 Nbd7 11. Qa4 b5 12. Qb3 c5 13. dxc5 Nxc5 14. Qd1 Re8 15. Nd4 Nfe4 16. Nxe4 Nxe4 17. Nc6 Bxc6 18. Rxc6 Qd7 19. Bxe4 Qxc6 20. Bxd5 Qf6 21. Bxa8 Rxa8 22. Qd5 Rd8 23. Qb7 h6 24. Rc1 g5 25. Rc6 Qxc6 26. Qxc6 gxf4 27. Qxa6 fxg3 28. hxg3 b4 29. Qxh6 Rd1+ 30. Kg2 Ra1 31. Qa6 b3 32. Qc8+ Kh7 33. axb3 Rb1 34. Qf5+ 1-0

[Event "Titled Tuesday intern op 24th Sep Late"]
[Site "Chess.com INT"]
[Date "2024.09.24"]
[Round "8"]
[White "Kepeshchuk, Mykhaylo"]
[Black "Carrasco Miranda, Andres"]
[Result "0-1"]
[WhiteElo "2269"]
[BlackElo "2191"]
[PlyCount "76"]
[EventDate "2024.09.24"]
[EventType "swiss (blitz)"]
[EventRounds "11"]
[EventCountry "USA"]
[SourceTitle "EXT 2025"]
[Source "ChessBase"]
[SourceDate "2024.10.14"]
[SourceVersion "1"]
[SourceVersionDate "2024.10.14"]
[SourceQuality "1"]

1. d4 Nf6 2. c4 g6 3. Nc3 Bg7 4. e4 d6 5. Nf3 0-0 6. Be2 e5 7. d5 a5 8. Be3 Ng4 9. Bg5 f6 10. Bh4 Qe8 11. Nd2 Nh6 12. f3 Na6 13. a3 Bd7 14. b3 Nf7 15. Bf2 Bh6 16. Qc2 f5 17. 0-0 Qe7 18. Rfb1 Qg5 19. Nf1 fxe4 20. Nxe4 Qe7 21. c5 Bf5 22. c6 bxc6 23. Qxc6 Bxe4 24. fxe4 Ng5 25. Ng3 Rxf2 26. Kxf2 Rf8+ 27. Kg1 Nc5 28. Rf1 Ngxe4 29. Rxf8+ Qxf8 30. Nxe4 Nxe4 31. Bf3 Be3+ 32. Kf1 Nd2+ 33. Ke2 Bd4 34. Rd1 Nxb3 35. Qd7 Qf4 36. Qe6+ Kg7 37. g3 Qe3+ 38. Kf1 Qf2# 0-1

[Event "Titled Tuesday intern op 24th Sep Late"]
[Site "Chess.com INT"]
[Date "2024.09.24"]
[Round "6"]
[White "Schulz, Michael"]
[Black "Carrasco Miranda, Andres"]
[Result "0-1"]
[WhiteElo "2137"]
[BlackElo "2191"]
[PlyCount "34"]
[EventDate "2024.09.24"]
[EventType "swiss (blitz)"]
[EventRounds "11"]
[EventCountry "USA"]
[SourceTitle "EXT 2025"]
[Source "ChessBase"]
[SourceDate "2024.10.14"]
[SourceVersion "1"]
[SourceVersionDate "2024.10.14"]
[SourceQuality "1"]

1. d4 Nf6 2. Bg5 d5 3. Bxf6 gxf6 4. e3 c5 5. Nc3 Nc6 6. Qh5 cxd4 7. exd4 e6 8. 0-0-0 Bd7 9. f4 f5 10. Nf3 Rc8 11. Ne5 Nxe5 12. fxe5 Rxc3 13. bxc3 Qa5 14. Rd3 Qxa2 15. Kd2 Ba4 16. Qd1 Bh6+ 17. Ke2 Bxc2 0-1

[Event "Titled Tuesday intern op 03rd Sep Late"]
[Site "Chess.com INT"]
[Date "2024.09.03"]
[Round "3"]
[White "Carrasco Miranda, Andres"]
[Black "Craciun, Sasha Matei"]
[Result "0-1"]
[WhiteElo "2191"]
[BlackElo "2212"]
[PlyCount "70"]
[EventDate "2024.09.03"]
[EventType "swiss (blitz)"]
[EventRounds "11"]
[EventCountry "USA"]
[SourceTitle "EXT 2025"]
[Source "ChessBase"]
[SourceDate "2024.10.14"]
[SourceVersion "1"]
[SourceVersionDate "2024.10.14"]
[SourceQuality "1"]

1. d4 d5 2. c4 e6 3. g3 Nf6 4. Bg2 Bb4+ 5. Nd2 0-0 6. Ngf3 dxc4 7. 0-0 c3 8. Nc4 cxb2 9. Bxb2 Be7 10. Qc2 c5 11. Rfd1 cxd4 12. Nxd4 Qe8 13. Rac1 Nd5 14. e4 Nb4 15. Qb1 Bd7 16. e5 Bc6 17. Nxc6 N4xc6 18. Nd6 Bxd6 19. exd6 Qd7 20. Rc5 Rc8 21. Rh5 h6 22. g4 e5 23. g5 Qg4 24. Rh3 Qxg5 25. Rg3 Qf6 26. Bd5 Nd7 27. Rf3 Qg5+ 28. Rg3 Qh5 29. Rf3 Nf6 30. Rxf6 gxf6 31. Kh1 Rd8 32. Ba3 f5 33. Rg1+ Kh8 34. Qb2 f6 35. Qe2 Qxe2 0-1

[Event "Titled Tuesday intern op 03rd Sep Late"]
[Site "Chess.com INT"]
[Date "2024.09.03"]
[Round "10"]
[White "Dolezal, Cristian"]
[Black "Carrasco Miranda, Andres"]
[Result "1-0"]
[WhiteElo "2360"]
[BlackElo "2191"]
[PlyCount "123"]
[EventDate "2024.09.03"]
[EventType "swiss (blitz)"]
[EventRounds "11"]
[EventCountry "USA"]
[SourceTitle "EXT 2025"]
[Source "ChessBase"]
[SourceDate "2024.10.14"]
[SourceVersion "1"]
[SourceVersionDate "2024.10.14"]
[SourceQuality "1"]

1. d4 Nf6 2. Nc3 d5 3. Bf4 e6 4. Nb5 Na6 5. e3 c6 6. Nc3 Bd6 7. Bxa6 bxa6 8. Bxd6 Qxd6 9. Na4 0-0 10. Nf3 Nd7 11. 0-0 Rb8 12. b3 c5 13. Qd2 Bb7 14. Qa5 Rfc8 15. c3 cxd4 16. cxd4 e5 17. Rac1 e4 18. Ne5 Nxe5 19. dxe5 Qxe5 20. Nc5 Qe8 21. Nxb7 Rxb7 22. Qxd5 Rbc7 23. Rcd1 h6 24. h3 Rc2 25. Rd4 Rxa2 26. Rxe4 Qc6 27. Qxc6 Rxc6 28. Re8+ Kh7 29. Re7 Rb6 30. Rxf7 Rxb3 31. Rd1 Kg6 32. Rdd7 Rb1+ 33. Kh2 Rbb2 34. Kg3 a5 35. Rxg7+ Kf6 36. Rdf7+ Ke6 37. Rf4 a4 38. Rxa7 a3 39. Ra6+ Ke5 40. Rxh6 Ra1 41. Rh5+ Ke6 42. Ra5 a2 43. Rfa4 Rf1 44. Rxa2 Rfxf2 45. Rxb2 Rxb2 46. Kf3 Kf6 47. h4 Kg6 48. g4 Rb1 49. Ra6+ Kf7 50. Kf4 Rf1+ 51. Kg5 Kg7 52. h5 Kh7 53. Ra7+ Kg8 54. Kg6 Rf8 55. g5 Kh8 56. Kh6 Re8 57. g6 Kg8 58. e4 Rb8 59. e5 Rc8 60. e6 Re8 61. Kg5 Rxe6 62. Ra8+ 1-0

[Event "Titled Tuesday intern op 27th Aug Late"]
[Site "Chess.com INT"]
[Date "2024.08.27"]
[Round "9"]
[White "Capp, Stephen P"]
[Black "Carrasco Miranda, Andres"]
[Result "1-0"]
[WhiteElo "1952"]
[BlackElo "2174"]
[PlyCount "119"]
[EventDate "2024.08.27"]
[EventType "swiss (blitz)"]
[EventRounds "11"]
[EventCountry "USA"]
[SourceTitle "EXT 2025"]
[Source "ChessBase"]
[SourceDate "2024.10.14"]
[SourceVersion "1"]
[SourceVersionDate "2024.10.14"]
[SourceQuality "1"]

1. e4 e5 2. Nf3 Nc6 3. Bc4 Bc5 4. b4 Bxb4 5. c3 Be7 6. d4 Na5 7. Nxe5 Nxc4 8. Nxc4 d5 9. exd5 Qxd5 10. Ne3 Qd8 11. 0-0 Nf6 12. Nd2 0-0 13. Nf3 Nd5 14. c4 Nxe3 15. fxe3 Bg4 16. Bb2 Bf6 17. Qd3 Re8 18. Rae1 c5 19. Bc3 Rc8 20. d5 Bxc3 21. Qxc3 Bxf3 22. Rxf3 b5 23. Ref1 f6 24. Rg3 b4 25. Qb2 Re5 26. Qc2 Qe7 27. Rh3 g6 28. Rff3 Re8 29. Qf2 f5 30. Qg3 f4 31. Qxf4 Re4 32. Qh6 Rxc4 33. d6 Qg7 34. Qg5 Rc2 35. Rf1 Rf8 36. Qd5+ Kh8 37. Rhf3 Rxf3 38. Qxf3 h5 39. Qf8+ Qxf8 40. Rxf8+ Kg7 41. d7 Kxf8 42. d8Q+ Kg7 43. Qd7+ Kh6 44. Qd3 Rc3 45. Qe4 c4 46. h4 a5 47. Qf4+ Kg7 48. Qe5+ Kh6 49. Kh2 a4 50. Qg5+ Kg7 51. Qe7+ Kh6 52. Qxb4 Rc2 53. Qxa4 Rc1 54. Qb5 c3 55. Qg5+ Kg7 56. e4 Rc2 57. e5 Re2 58. Qf6+ Kh6 59. e6 Rxe6 60. Qh8# 1-0

[Event "Titled Tuesday intern op 27th Aug Late"]
[Site "Chess.com INT"]
[Date "2024.08.27"]
[Round "7"]
[White "Carrasco Miranda, Andres"]
[Black "Yang, Kevin S"]
[Result "0-1"]
[WhiteElo "2174"]
[BlackElo "2096"]
[PlyCount "102"]
[EventDate "2024.08.27"]
[EventType "swiss (blitz)"]
[EventRounds "11"]
[EventCountry "USA"]
[SourceTitle "EXT 2025"]
[Source "ChessBase"]
[SourceDate "2024.10.14"]
[SourceVersion "1"]
[SourceVersionDate "2024.10.14"]
[SourceQuality "1"]

1. d4 Nf6 2. c4 e6 3. g3 d5 4. Bg2 dxc4 5. Nf3 Bb4+ 6. Bd2 c5 7. 0-0 0-0 8. dxc5 Bxc5 9. Ne5 Nbd7 10. Nxc4 Qe7 11. Bf4 e5 12. Bg5 h6 13. Bxf6 Nxf6 14. Nc3 Rd8 15. Qc2 Rb8 16. Rfd1 Rd4 17. Ne3 Rxd1+ 18. Ncxd1 b6 19. a3 a5 20. Rc1 Be6 21. Nf5 Qd7 22. Nde3 g6 23. Rd1 Qc8 24. Nd6 Bxd6 25. Qxc8+ Rxc8 26. Rxd6 Rc1+ 27. Rd1 Rc5 28. Bf3 e4 29. Bg2 b5 30. f3 exf3 31. Bxf3 b4 32. axb4 axb4 33. Rd4 b3 34. Rb4 Rc1+ 35. Kf2 Rb1 36. Nc4 Bxc4 37. Rxc4 Rxb2 38. Rc6 Kg7 39. Rb6 Rb1 40. Ke3 b2 41. Be4 Nxe4 42. Kxe4 h5 43. h4 Rg1 44. Rxb2 Rxg3 45. e3 Rg4+ 46. Kf3 Rxh4 47. Rg2 Rb4 48. e4 Kf6 49. Kf4 g5+ 50. Kf3 Rb3+ 51. Ke2 Rb2+ 0-1

[Event "Titled Tuesday intern op 27th Aug Late"]
[Site "Chess.com INT"]
[Date "2024.08.27"]
[Round "11"]
[White "De Souza, Cristiano Gomes"]
[Black "Carrasco Miranda, Andres"]
[Result "1-0"]
[WhiteElo "2018"]
[BlackElo "2174"]
[PlyCount "69"]
[EventDate "2024.08.27"]
[EventType "swiss (blitz)"]
[EventRounds "11"]
[EventCountry "USA"]
[SourceTitle "EXT 2025"]
[Source "ChessBase"]
[SourceDate "2024.10.14"]
[SourceVersion "1"]
[SourceVersionDate "2024.10.14"]
[SourceQuality "1"]

1. d4 Nf6 2. c4 g6 3. Nf3 Bg7 4. Nc3 0-0 5. e4 d6 6. Be2 e5 7. 0-0 Nc6 8. d5 Ne7 9. Ne1 Nd7 10. Be3 f5 11. f3 f4 12. Bf2 g5 13. Nb5 b6 14. b4 a6 15. Nc3 Nf6 16. Nd3 Ng6 17. c5 b5 18. a4 Rb8 19. axb5 axb5 20. Nc1 h5 21. Nxb5 g4 22. Na7 g3 23. Nc6 gxf2+ 24. Rxf2 Qe8 25. Nxb8 h4 26. Na6 h3 27. Nxc7 Qf7 28. Ne6 hxg2 29. Nxf8 Bxf8 30. Rxg2 Kh7 31. Nd3 Nh4 32. Rf2 Bh3 33. Kh1 Nh5 34. Qg1 Bg7 35. cxd6 1-0

[Event "Titled Tuesday intern op 27th Aug Late"]
[Site "Chess.com INT"]
[Date "2024.08.27"]
[Round "6"]
[White "Estrada Nieto, Julian"]
[Black "Carrasco Miranda, Andres"]
[Result "0-1"]
[WhiteElo "2218"]
[BlackElo "2174"]
[PlyCount "112"]
[EventDate "2024.08.27"]
[EventType "swiss (blitz)"]
[EventRounds "11"]
[EventCountry "USA"]
[SourceTitle "EXT 2025"]
[Source "ChessBase"]
[SourceDate "2024.10.14"]
[SourceVersion "1"]
[SourceVersionDate "2024.10.14"]
[SourceQuality "1"]

1. e4 e5 2. Nf3 Nc6 3. Bb5 Nf6 4. 0-0 Nxe4 5. d4 Nd6 6. Bxc6 dxc6 7. dxe5 Nf5 8. Qxd8+ Kxd8 9. Nc3 Ke8 10. Rd1 Be7 11. h3 h5 12. Ne2 Be6 13. Bg5 Rd8 14. Bxe7 Kxe7 15. Nf4 Rxd1+ 16. Rxd1 h4 17. b3 a5 18. Nd4 Nxd4 19. Rxd4 b6 20. Kf1 Bf5 21. Rd2 a4 22. Ne2 c5 23. Nc3 axb3 24. cxb3 Be6 25. f4 c4 26. bxc4 Bxc4+ 27. Kf2 Ra8 28. Ke3 Ra3 29. Kd4 Be6 30. Nb5 c5+ 31. Ke4 Rxa2 32. Rxa2 Bxa2 33. f5 Bc4 34. Nd6 Bf1 35. Kf3 b5 36. Kf2 Bd3 37. Ke3 Bf1 38. Kf2 Bc4 39. Ne4 b4 40. Nxc5 b3 41. Na4 Bd3 42. g4 hxg3+ 43. Kxg3 Bxf5 44. h4 Ke6 45. Kf4 g6 46. Nb2 Bc2 47. Na4 Kd5 48. Nb2 Kd4 49. Na4 Kc4 50. Nb2+ Kc3 51. Na4+ Kb4 52. Nb2 Ka3 53. Nc4+ Ka2 54. Kg5 Bd3 55. Nd2 b2 56. Kf6 Bc4 0-1